| 000 | 004260000a22001450004500 | ||
|---|---|---|---|
| 090 |
_aAR _b04209 |
||
| 245 | 1 | 0 | _aNotas sobre Scarabaeoidea Americana (Col. Lamellicornia) |
| 041 | 0 | _aEspañol | |
| 500 | _a<Literatura de escarabajos coprófagos> | ||
| 700 | 1 |
_aPereira, F. S. _998102 |
|
| 700 | 1 |
_aMartínez , A. _998103 |
|
| 100 | 1 |
_aVulcano, M. A. _998104 |
|
| 942 | _cARTICULO | ||
| 773 | 1 |
_tStudia Ent. _h1-4 _q515-529 _d1976 _g19 |
|
| 999 |
_c13306 _d13306 |
||